The Soccer Book/ (Record no. 187649)

MARC details
000 -LEADER
fixed length control field 00533nam a22001817a 4500
005 - DATE AND TIME OF LATEST TRANSACTION
control field 20220427114232.0
010 ## - LCCN (DPL NO)
LC control number ENG-132411
020 ## - INTERNATIONAL STANDARD BOOK NUMBER
International Standard Book Number 9788192557342
Terms of availability 500.00
035 ## - SYSTEM CONTROL NUMBER
System control number EN-115943
037 ## - SOURCE OF ACQUISITION
Source of stock number/acquisition DBAD/PUB
082 ## - DEWEY DECIMAL CLASSIFICATION NUMBER
Classification number 796.3342
100 ## - MAIN ENTRY--PERSONAL NAME
Personal name Chandra, Amitabh
245 ## - TITLE STATEMENT
Title The Soccer Book/
Statement of responsibility, etc Amitabh Chandra
260 ## - PUBLICATION, DISTRIBUTION, ETC. (IMPRINT)
Place of publication, distribution, etc New Delhi
Name of publisher, distributor, etc Pawan Publication
Date of publication, distribution, etc 2016
270 ## - ADDRESS
Address H- 1/48, Bengali Colony Mahaveer Enclave
City New Delhi
Postal code 110045
300 ## - PHYSICAL DESCRIPTION
Extent v, 152p.
Dimensions 22cm(hbk)
942 ## - ADDED ENTRY ELEMENTS (KOHA)
Source of classification or shelving scheme Dewey Decimal Classification
Item type English Books
Classification part 796.3342
Call number suffix CHA
Holdings
Withdrawn status Lost status Not for loan Collection code Home library Current library Date acquired Source of acquisition Cost, normal purchase price Full call number Barcode Copy number Cost, replacement price Koha item type
      Non-fiction Bawana Bawana 27/04/2022 DBAD/PUB 500.00 796.3342 CHA EN-115943 1 500.00 English Books

© Delhi Public Library
Hit Counter
free hit counter